Podnikovohospodárska náuka Vybrané kapitoly. Diel 1

Guardado en:
Detalles Bibliográficos
Autor principal: Mešťánek, Jozef
Autor Corporativo: Vysoká škola ekonomická v Bratislave. Fakulta ekonomiky a riadenia výrobných odvetví
Formato: Libro
Lenguaje:eslovaco
Publicado: Bratislava VŠE 1991
Edición:1. vyd.
Etiquetas: Agregar Etiqueta
Sin Etiquetas, Sea el primero en etiquetar este registro!

MARC

LEADER 00000nam a2200000 4500
001 c025147
005 20221214094525.5
020 |a 80-225-0280-4 
041 0 |a slo 
044 |a SK 
245 1 0 |a Podnikovohospodárska náuka  |b Vybrané kapitoly. Diel 1  |c Jozef Mešťánek a kol. 
250 |a 1. vyd. 
264 1 |a Bratislava  |b VŠE  |c 1991 
300 |a 100 s. 
100 1 |a Mešťánek, Jozef 
710 2 |a Vysoká škola ekonomická v Bratislave. Fakulta ekonomiky a riadenia výrobných odvetví